[Event "Barcelona Sants op 08th"]
[Site "Barcelona"]
[Date "2006.08.29"]
[Round "5"]
[White "Guerrero Sanmarti, Richard"]
[Black "Piasetski, Leon"]
[Result "1/2-1/2"]
[WhiteElo "2248"]
[BlackElo "2337"]
[PlyCount "39"]
[GameId "1166648664997888"]
[EventDate "2006.08.25"]
[EventType "swiss"]
[EventRounds "10"]
[EventCountry "ESP"]
[SourceTitle "CBM 113 Extra"]
[Source "ChessBase"]
[SourceDate "2006.09.14"]
[SourceVersion "1"]
[SourceVersionDate "2006.09.14"]
[SourceQuality "1"]

1. e4 c5 2. Nf3 e6 3. d4 cxd4 4. c3 d3 5. Bxd3 Nc6 6. O-O Qc7 7. c4 Bc5 8. Nc3 a6 9. a3 d6 10. b4 Ba7 11. Bb2 Nf6 12. Rc1 Qe7 13. h3 O-O 14. Re1 Nd7 15. Ne2 f6 16. Ned4 Nde5 17. Bb1 Bd7 18. Nxc6 Nxf3+ 19. Qxf3 Bxc6 20. Qg3 1/2-1/2

[Event "Sants op 8th"]
[Site "Sants"]
[Date "2006.09.02"]
[Round "9.18"]
[White "Ayza Ballester, Jordi"]
[Black "Piasetski, Leon"]
[Result "1-0"]
[WhiteElo "2263"]
[BlackElo "2337"]
[PlyCount "31"]
[GameId "1265667625541632"]
[EventDate "2006.08.25"]
[EventType "swiss"]
[EventRounds "10"]
[EventCountry "ESP"]
[SourceTitle "EXT 2022"]
[Source "ChessBase"]
[SourceDate "2021.10.06"]
[SourceVersion "1"]
[SourceVersionDate "2021.10.06"]
[SourceQuality "1"]

1. e4 d5 2. Nc3 dxe4 3. Nxe4 Bf5 4. Ng3 Bg6 5. d4 Nc6 6. Nf3 Nb4 7. Bb5+ c6 8. Ba4 Qa5 9. c3 Nd3+ 10. Kf1 a6 11. Kg1 Nf6 12. Bc2 Nxc1 13. Qxc1 e6 14. Ne5 Bd6 15. Bxg6 hxg6 16. Nc4 1-0

[Event "Malaga op 11th"]
[Site "Malaga"]
[Date "2008.02.25"]
[Round "4"]
[White "Ladron de Guevara Pinto, Fermin Gabriel"]
[Black "Piasetski, Leon"]
[Result "0-1"]
[WhiteElo "2071"]
[BlackElo "2308"]
[PlyCount "139"]
[GameId "1166650326052864"]
[EventDate "2008.02.23"]
[EventType "swiss"]
[EventRounds "9"]
[EventCountry "ESP"]
[SourceTitle "CBM 123 Extra"]
[Source "ChessBase"]
[SourceDate "2008.05.06"]
[SourceVersion "1"]
[SourceVersionDate "2008.05.06"]
[SourceQuality "1"]

1. d4 d6 2. Nf3 g6 3. c4 Bg7 4. g3 Nd7 5. Bg2 e5 6. e4 c6 7. d5 cxd5 8. cxd5 Ngf6 9. Nc3 O-O 10. O-O Nc5 11. Ne1 Bd7 12. b4 Na6 13. a3 Ng4 14. h3 Nh6 15. Bd2 f5 16. f3 f4 17. g4 Nf7 18. Nd3 h5 19. Rc1 hxg4 20. hxg4 Ng5 21. Kf2 Kf7 22. Rh1 Rh8 23. Rxh8 Qb6+ 24. Ke2 Rxh8 25. Qg1 Qxg1 26. Rxg1 Rh2 27. Ke1 Bf6 28. Bc1 Bd8 29. Kf1 Bb6 30. Rh1 Rxh1+ 31. Bxh1 Bd4 32. Ne2 Bb5 33. Ne1 Bb6 34. Bd2 Nb8 35. Nc2 Nd7 36. Ke1 Nf6 37. Nc3 Bd3 38. Kd1 Nh3 39. Bg2 Nf2+ 40. Kc1 Bc4 41. Ne1 Nd7 42. Kc2 Bd4 43. Na4 Kf6 44. Bc3 Be3 45. Nb2 Be2 46. Ned3 Nxd3 47. Nxd3 Kg5 48. Be1 Nb6 49. Nc1 Bb5 50. Nb3 Nc4 51. Kc3 Nxa3 52. Na5 Ba6 53. Kb3 Nb5 54. Kb2 Nd4 55. Kc3 Ne2+ 56. Kb2 Ng1 57. b5 Bxb5 58. Nxb7 Be2 59. Nxd6 Nxf3 60. Bc3 Nd4 61. Nf7+ Kf6 62. Nd8 f3 63. Bh3 f2 64. d6 f1=Q 65. g5+ Bxg5 66. Bxf1 Bxf1 67. d7 Ke7 68. Bxd4 exd4 69. Nc6+ Kd6 70. Nxd4 0-1

[Event "Malaga op 11th"]
[Site "Malaga"]
[Date "2008.02.26"]
[Round "5"]
[White "Piasetski, Leon"]
[Black "Ridameya Tatche, Jose Miguel"]
[Result "1-0"]
[WhiteElo "2308"]
[BlackElo "2141"]
[PlyCount "85"]
[GameId "1166650326175744"]
[EventDate "2008.02.23"]
[EventType "swiss"]
[EventRounds "9"]
[EventCountry "ESP"]
[SourceTitle "CBM 123 Extra"]
[Source "ChessBase"]
[SourceDate "2008.05.06"]
[SourceVersion "1"]
[SourceVersionDate "2008.05.06"]
[SourceQuality "1"]

1. c4 e5 2. Nc3 Bb4 3. Nd5 Bc5 4. Nf3 Nf6 5. d4 exd4 6. Bg5 Nc6 7. Bxf6 gxf6 8. Qd2 Be7 9. Nxd4 Nxd4 10. Qxd4 c6 11. Nc3 Qb6 12. O-O-O Qxd4 13. Rxd4 f5 14. Kc2 d6 15. g3 Be6 16. Bh3 O-O-O 17. Rhd1 Kc7 18. b3 Rhg8 19. Rf4 Rg5 20. Rh4 Rh8 21. f4 Rg6 22. Rh5 Bf8 23. e4 Rh6 24. Rxh6 Bxh6 25. Bxf5 Bxf5 26. exf5 Re8 27. Kd3 Bg7 28. Ne4 d5 29. cxd5 cxd5 30. Rc1+ Kb6 31. Nd6 Rf8 32. Nc8+ Ka6 33. Rc7 Bb2 34. Nd6 Ba3 35. Nxf7 Kb6 36. Rd7 Bb2 37. Nd8 Rxf5 38. Rxb7+ Ka6 39. Rxh7 Rf6 40. Nf7 Kb5 41. Ne5 Ka6 42. Rd7 d4 43. Nc4 1-0

[Event "Malaga op 11th"]
[Site "Malaga"]
[Date "2008.02.27"]
[Round "6"]
[White "Piasetski, Leon"]
[Black "Perez Rodriguez, Luis Manuel"]
[Result "0-1"]
[WhiteElo "2308"]
[BlackElo "2432"]
[PlyCount "54"]
[GameId "1166650326269952"]
[EventDate "2008.02.23"]
[EventType "swiss"]
[EventRounds "9"]
[EventCountry "ESP"]
[SourceTitle "CBM 123 Extra"]
[Source "ChessBase"]
[SourceDate "2008.05.06"]
[SourceVersion "1"]
[SourceVersionDate "2008.05.06"]
[SourceQuality "1"]

1. d4 d5 2. c4 c6 3. e3 Nf6 4. Nf3 e6 5. b3 Nbd7 6. Bb2 Bb4+ 7. Nbd2 O-O 8. Qc2 Ne4 9. Bd3 f5 10. O-O Rf6 11. a3 Bd6 12. c5 Bc7 13. Ne5 Nexc5 14. Nxc6 Bxh2+ 15. Kxh2 Rh6+ 16. Kg1 Qh4 17. f3 Nxd3 18. Qxd3 bxc6 19. Rac1 Nb8 20. Rc5 Ba6 21. Nc4 dxc4 22. bxc4 Nd7 23. Ra5 Rb8 24. Bc3 Qh2+ 25. Kf2 Rg6 26. Rg1 Bxc4 27. Qxc4 Rb1 0-1

[Event "Malaga op 11th"]
[Site "Malaga"]
[Date "2008.02.29"]
[Round "8"]
[White "Piasetski, Leon"]
[Black "Dolezal, Cristian"]
[Result "0-1"]
[WhiteElo "2308"]
[BlackElo "2425"]
[PlyCount "80"]
[GameId "1166650326482944"]
[EventDate "2008.02.23"]
[EventType "swiss"]
[EventRounds "9"]
[EventCountry "ESP"]
[SourceTitle "CBM 123 Extra"]
[Source "ChessBase"]
[SourceDate "2008.05.06"]
[SourceVersion "1"]
[SourceVersionDate "2008.05.06"]
[SourceQuality "1"]

1. d4 g6 2. Nf3 Bg7 3. c4 c5 4. d5 d6 5. e4 e6 6. Bd3 exd5 7. cxd5 Bg4 8. h3 Bxf3 9. Qxf3 Nd7 10. Qe2 Ne7 11. O-O O-O 12. Nd2 Re8 13. Qd1 Ne5 14. Bc2 b5 15. Kh1 Nc8 16. a4 Nc4 17. Ra2 Nxd2 18. Bxd2 bxa4 19. f4 Nb6 20. Bc1 Bd4 21. Qf3 f6 22. f5 g5 23. h4 h6 24. g4 Re7 25. Kg2 Rb8 26. Rh1 Rbb7 27. Qd3 Qe8 28. Ra3 Rh7 29. Qa6 Rbg7 30. Rah3 Qe7 31. Kf3 Kh8 32. Bxa4 h5 33. Bc2 hxg4+ 34. Kxg4 Rxh4+ 35. Kg3 Rgh7 36. Rxh4 gxh4+ 37. Kf3 Qf7 38. Be3 Qh5+ 39. Kf2 Bxe3+ 40. Kxe3 Qg5+ 0-1

[Event "Malaga op 11th"]
[Site "Malaga"]
[Date "2008.03.01"]
[Round "9"]
[White "Fenollar Jorda, Manuel"]
[Black "Piasetski, Leon"]
[Result "1/2-1/2"]
[WhiteElo "2253"]
[BlackElo "2308"]
[PlyCount "64"]
[GameId "1166650326519808"]
[EventDate "2008.02.23"]
[EventType "swiss"]
[EventRounds "9"]
[EventCountry "ESP"]
[SourceTitle "CBM 123 Extra"]
[Source "ChessBase"]
[SourceDate "2008.05.06"]
[SourceVersion "1"]
[SourceVersionDate "2008.05.06"]
[SourceQuality "1"]

1. d4 g6 2. Nf3 Bg7 3. e4 d6 4. c3 Nd7 5. Bc4 e6 6. Bg5 Ne7 7. h4 h6 8. Bf4 b6 9. Qe2 Bb7 10. Bb3 Nf6 11. Nbd2 a6 12. O-O-O b5 13. e5 Nfd5 14. Bh2 Nb6 15. h5 g5 16. Ne1 Qd7 17. Ne4 Bxe4 18. Qxe4 a5 19. g4 a4 20. Bc2 a3 21. b3 Ned5 22. Kd2 b4 23. cxb4 Nxb4 24. Nd3 N4d5 25. Nc1 Qb5 26. Ne2 Qb4+ 27. Kc1 Nc3 28. Nxc3 Qxc3 29. Rd3 Qb2+ 30. Kd2 Nd5 31. Rb1 Qxa2 32. Qh1 Ra6 1/2-1/2

[Event "Vienna op 16th"]
[Site "Vienna"]
[Date "2009.08.16"]
[Round "2"]
[White "Bozinovic, Boban"]
[Black "Piasetski, Leon"]
[Result "0-1"]
[WhiteElo "2114"]
[BlackElo "2288"]
[PlyCount "52"]
[GameId "1166652191051776"]
[EventDate "2009.08.15"]
[EventType "swiss"]
[EventRounds "9"]
[EventCountry "AUT"]
[SourceTitle "CBM 131 Extra"]
[Source "ChessBase"]
[SourceDate "2009.09.03"]
[SourceVersion "2"]
[SourceVersionDate "2009.09.16"]
[SourceQuality "1"]

1. d4 Nf6 2. Nf3 d6 3. c3 Bg4 4. Qd3 Nbd7 5. h3 Bh5 6. Bg5 c6 7. Nh4 d5 8. Nd2 Qa5 9. Bxf6 Nxf6 10. f4 e6 11. g4 Bg6 12. f5 exf5 13. Qe3+ Kd7 14. Nxf5 Bxf5 15. gxf5 Re8 16. Qg3 Rg8 17. Bg2 Bd6 18. Qh4 Qc7 19. Nf1 Qb6 20. b4 Qa6 21. Bf3 Qa3 22. Kf2 Qxc3 23. Ng3 Bxg3+ 24. Kxg3 Rxe2 25. Rac1 Qe3 26. Rhf1 g5 0-1

[Event "Vienna op 16th"]
[Site "Vienna"]
[Date "2009.08.17"]
[Round "3"]
[White "Piasetski, Leon"]
[Black "Ernst, Michael"]
[Result "1-0"]
[WhiteElo "2288"]
[BlackElo "2178"]
[PlyCount "51"]
[GameId "1166652191621120"]
[EventDate "2009.08.15"]
[EventType "swiss"]
[EventRounds "9"]
[EventCountry "AUT"]
[SourceTitle "CBM 131 Extra"]
[Source "ChessBase"]
[SourceDate "2009.09.03"]
[SourceVersion "2"]
[SourceVersionDate "2009.09.16"]
[SourceQuality "1"]

1. c4 Nf6 2. Nc3 d5 3. cxd5 Nxd5 4. g3 e5 5. Bg2 Nb6 6. d3 Be7 7. Be3 O-O 8. Rc1 Re8 9. a3 Bf8 10. Na4 Nd5 11. Bc5 Na6 12. Bxf8 Kxf8 13. Nf3 b6 14. d4 e4 15. Ne5 c5 16. Nc3 Nxc3 17. bxc3 Bb7 18. O-O Qe7 19. f3 e3 20. Qd3 Nc7 21. Qxh7 Qe6 22. Qh8+ Ke7 23. Qxg7 Nd5 24. c4 Nf6 25. Ng6+ Kd8 26. d5 1-0

[Event "Vienna op 16th"]
[Site "Vienna"]
[Date "2009.08.18"]
[Round "4"]
[White "Ruecker, Benjamin"]
[Black "Piasetski, Leon"]
[Result "1/2-1/2"]
[WhiteElo "2258"]
[BlackElo "2288"]
[PlyCount "145"]
[GameId "1166652192043008"]
[EventDate "2009.08.15"]
[EventType "swiss"]
[EventRounds "9"]
[EventCountry "AUT"]
[SourceTitle "CBM 131 Extra"]
[Source "ChessBase"]
[SourceDate "2009.09.03"]
[SourceVersion "2"]
[SourceVersionDate "2009.09.16"]
[SourceQuality "1"]

1. Nf3 f5 2. c4 Nf6 3. g3 g6 4. Bg2 Bg7 5. O-O O-O 6. Nc3 d6 7. d4 a5 8. d5 Na6 9. Be3 Ng4 10. Bd4 Bh6 11. h3 Nf6 12. a3 Bd7 13. Rb1 Nc5 14. Bxc5 dxc5 15. Ne5 a4 16. f4 Kh8 17. Kh2 g5 18. fxg5 Bxg5 19. e4 Be8 20. Rxf5 Rg8 21. Qd3 Bh6 22. Rg1 Ra6 23. Ne2 Rb6 24. Qc2 Rb3 25. Rgf1 Qd6 26. R1f3 Qb6 27. Rxb3 axb3 28. Qc3 Bg7 29. Qe3 Nd7 30. Nd3 Bg6 31. Rf1 Ne5 32. Nxe5 Bxe5 33. Nf4 Bxb2 34. Rb1 Bd4 35. Qxb3 Qxb3 36. Rxb3 b6 37. h4 Ra8 38. h5 Bf7 39. Bf3 Ra4 40. Be2 Kg7 41. Rf3 Ra8 42. Bd1 h6 43. Kh3 Bf6 44. Kg4 Bb2 45. a4 Bd4 46. Kf5 Rf8 47. Ne6+ Bxe6+ 48. Kxe6 Rxf3 49. Bxf3 Kf8 50. e5 Ke8 51. d6 exd6 52. exd6 Kd8 53. Kd5 Bf2 54. g4 Kd7 55. g5 c6+ 56. Ke5 Bd4+ 57. Kf5 Kxd6 58. gxh6 Ke7 59. Bxc6 Kf8 60. Bd5 Be3 61. Kg6 Bd4 62. h7 Bc3 63. Bg8 Bd4 64. h6 Bc3 65. Kf5 Ke7 66. Ke4 Kd6 67. Bf7 Ba1 68. Kd3 Bf6 69. Kc2 Ke5 70. Kb3 Kf5 71. a5 bxa5 72. Ka4 Kg5 73. Kxa5 1/2-1/2

[Event "Vienna op 16th"]
[Site "Vienna"]
[Date "2009.08.19"]
[Round "5"]
[White "Piasetski, Leon"]
[Black "Mack, Wolfgang"]
[Result "0-1"]
[WhiteElo "2288"]
[BlackElo "2223"]
[PlyCount "100"]
[GameId "1166652192387072"]
[EventDate "2009.08.15"]
[EventType "swiss"]
[EventRounds "9"]
[EventCountry "AUT"]
[SourceTitle "CBM 131 Extra"]
[Source "ChessBase"]
[SourceDate "2009.09.03"]
[SourceVersion "2"]
[SourceVersionDate "2009.09.16"]
[SourceQuality "1"]

1. d4 g6 2. e4 Bg7 3. c4 d6 4. Nc3 e5 5. Nge2 Nc6 6. Be3 f5 7. exf5 Bxf5 8. d5 Nce7 9. Ng3 Nf6 10. h3 O-O 11. Bd3 c6 12. Nxf5 Nxf5 13. Bg5 Qb6 14. Qb3 Nd4 15. Qxb6 axb6 16. f3 Nb3 17. Rd1 Nc5 18. Bb1 cxd5 19. Nxd5 Nxd5 20. Rxd5 e4 21. b4 exf3 22. O-O Na4 23. gxf3 Nc3 24. Rxd6 Nxb1 25. Rxb1 Rxf3 26. Rb3 Rf5 27. Rd5 Rxa2 28. Rxf5 gxf5 29. Rf3 Bf8 30. Rxf5 Bxb4 31. Rd5 Bc5+ 32. Kh1 Rf2 33. h4 Kf7 34. Rd7+ Kg6 35. Rxb7 Rc2 36. Bd8 Rxc4 37. Kg2 Rc3 38. Rc7 Rb3 39. Rc6+ Kh5 40. Bg5 Kg4 41. Rf6 Rb2+ 42. Kf1 h5 43. Ke1 Kg3 44. Kd1 Be7 45. Rh6 Bxg5 46. hxg5 h4 47. g6 Rb5 48. g7 Rg5 49. Rxb6 h3 50. Ke2 h2 0-1

[Event "Vienna op 16th"]
[Site "Vienna"]
[Date "2009.08.20"]
[Round "6"]
[White "Jirovec, Alfred"]
[Black "Piasetski, Leon"]
[Result "1-0"]
[WhiteElo "2075"]
[BlackElo "2288"]
[PlyCount "117"]
[GameId "1166652192636928"]
[EventDate "2009.08.15"]
[EventType "swiss"]
[EventRounds "9"]
[EventCountry "AUT"]
[SourceTitle "CBM 131 Extra"]
[Source "ChessBase"]
[SourceDate "2009.09.03"]
[SourceVersion "2"]
[SourceVersionDate "2009.09.16"]
[SourceQuality "1"]

1. d4 g6 2. Nf3 Bg7 3. c4 c5 4. Nc3 cxd4 5. Nxd4 Nc6 6. e3 Nf6 7. Be2 O-O 8. O-O Nxd4 9. exd4 d5 10. Be3 dxc4 11. Qa4 Qb6 12. Qxc4 Qxb2 13. Rab1 Qa3 14. Nb5 Qa5 15. Nc7 Rb8 16. Rb5 Qa3 17. Rc5 Bd7 18. Bd1 Rfc8 19. Bc1 b5 20. Qe2 Qa5 21. Bf4 Nh5 22. Rxh5 gxh5 23. Nd5 Bg4 24. Nxe7+ Kf8 25. f3 Bxd4+ 26. Kh1 Be6 27. Bd6 Ke8 28. Bb3 Kd7 29. Bxe6+ fxe6 30. Re1 Qxe1+ 31. Qxe1 Kxd6 32. Nxc8+ Rxc8 33. Qb4+ Bc5 34. Qxb5 h4 35. Qd3+ Kc6 36. Qe4+ Kd6 37. Qxh4 Be3 38. Qb4+ Rc5 39. g3 e5 40. Kg2 Bd4 41. Kh3 a5 42. Qb6+ Kd5 43. Qb7+ Kd6 44. Qxh7 Rc3 45. Qb7 Ra3 46. Qa6+ Kc5 47. Qe2 Re3 48. Qc2+ Kb4 49. Kg4 Ka3 50. h4 a4 51. h5 Rc3 52. Qd2 Rc8 53. h6 Rg8+ 54. Kh4 Rh8 55. g4 Bb2 56. g5 e4 57. fxe4 Kxa2 58. Qc2 a3 59. Kh5 1-0

[Event "Jerusalem"]
[Site "Jerusalem"]
[Date "2009.12.09"]
[Round "1"]
[White "Vishnu, Prasanna V"]
[Black "Piasetski, Leon"]
[Result "1-0"]
[WhiteElo "2330"]
[BlackElo "2288"]
[PlyCount "117"]
[GameId "1166652703252480"]
[EventDate "2009.12.09"]
[EventType "tourn"]
[EventRounds "9"]
[EventCountry "ISR"]
[EventCategory "3"]
[SourceTitle "CBM 134 Extra"]
[Source "ChessBase"]
[SourceDate "2010.03.03"]
[SourceVersion "1"]
[SourceVersionDate "2010.03.03"]
[SourceQuality "1"]

1. e4 Nf6 2. e5 Nd5 3. d4 d6 4. c4 Nb6 5. f4 dxe5 6. fxe5 Nc6 7. Be3 Bf5 8. Nc3 e6 9. Nf3 Be7 10. d5 exd5 11. cxd5 Nb4 12. Nd4 Bd7 13. e6 fxe6 14. dxe6 Bc6 15. Qg4 Bh4+ 16. g3 Bxh1 17. O-O-O O-O 18. gxh4 Qf6 19. Be2 c5 20. Bg5 Qe5 21. e7 cxd4 22. exf8=Q+ Rxf8 23. Qxd4 Qxd4 24. Rxd4 N4d5 25. Ne4 h6 26. Bd2 Ne7 27. Ng3 Bd5 28. b3 Rf2 29. h3 Rg2 30. Rd3 Be6 31. Re3 Kf7 32. Bd3 Nbd5 33. Rf3+ Kg8 34. Ne4 Bf5 35. Rxf5 Nxf5 36. Bc4 Nfe7 37. Nc3 b5 38. Bxd5+ Nxd5 39. Nxd5 Rh2 40. Nf4 Kf7 41. h5 Kf6 42. Nd5+ Kf5 43. Nc7 Rxh3 44. Nxb5 Rxh5 45. Nxa7 Ke4 46. b4 Kd3 47. b5 Rc5+ 48. Kb2 Rc7 49. b6 Rb7 50. Ba5 h5 51. Nc6 h4 52. Nd8 Rb8 53. b7 g5 54. Bc7 Rxb7+ 55. Nxb7 g4 56. Kb3 g3 57. a4 g2 58. Bh2 Ke2 59. Nc5 1-0

[Event "Jerusalem"]
[Site "Jerusalem"]
[Date "2009.12.10"]
[Round "2"]
[White "Piasetski, Leon"]
[Black "Neimer, Vitaly"]
[Result "0-1"]
[WhiteElo "2288"]
[BlackElo "2350"]
[PlyCount "56"]
[GameId "1166652703268864"]
[EventDate "2009.12.09"]
[EventType "tourn"]
[EventRounds "9"]
[EventCountry "ISR"]
[EventCategory "3"]
[SourceTitle "CBM 134 Extra"]
[Source "ChessBase"]
[SourceDate "2010.03.03"]
[SourceVersion "1"]
[SourceVersionDate "2010.03.03"]
[SourceQuality "1"]

1. Nf3 c5 2. c4 Nc6 3. Nc3 e5 4. e3 Nf6 5. d4 cxd4 6. exd4 e4 7. Ng5 Bb4 8. d5 Ne5 9. Qd4 d6 10. Ngxe4 Nxe4 11. Qxe4 O-O 12. Be2 f5 13. Qf4 Ng6 14. Qd2 f4 15. a3 Bxc3 16. Qxc3 Qg5 17. g3 Bg4 18. f3 Rae8 19. Kd1 Qe7 20. Re1 fxg3 21. fxg4 gxh2 22. Qh3 Rf2 23. Bd2 Rxe2 24. Kc2 Qe4+ 25. Kc3 Ne5 26. b3 Nf3 27. Rxe2 Qxe2 28. Bf4 Re4 0-1

[Event "Jerusalem"]
[Site "Jerusalem"]
[Date "2009.12.11"]
[Round "3"]
[White "Gruenfeld, Yehuda"]
[Black "Piasetski, Leon"]
[Result "0-1"]
[WhiteElo "2490"]
[BlackElo "2288"]
[PlyCount "136"]
[GameId "1166652703281152"]
[EventDate "2009.12.09"]
[EventType "tourn"]
[EventRounds "9"]
[EventCountry "ISR"]
[EventCategory "3"]
[SourceTitle "CBM 134 Extra"]
[Source "ChessBase"]
[SourceDate "2010.03.03"]
[SourceVersion "1"]
[SourceVersionDate "2010.03.03"]
[SourceQuality "1"]

1. e4 Nf6 2. e5 Nd5 3. d4 d6 4. Nf3 dxe5 5. Nxe5 c6 6. Be2 Bf5 7. g4 Be6 8. Nd3 Na6 9. c4 Nb6 10. d5 cxd5 11. c5 Nd7 12. b4 Nc7 13. a4 f6 14. f4 Bf7 15. O-O e6 16. Ba3 Be7 17. Nd2 O-O 18. Nf3 Re8 19. b5 Bf8 20. Qd2 e5 21. c6 Bxa3 22. cxd7 Qxd7 23. fxe5 Be7 24. Nd4 Ne6 25. Nf5 Ng5 26. h4 Ne4 27. Qf4 Bd8 28. Rac1 Bc7 29. Nxg7 Bb6+ 30. Kg2 Kxg7 31. exf6+ Kh8 32. Bf3 Qd6 33. Qxd6 Nxd6 34. Rfe1 Nc4 35. g5 Ba5 36. Rxe8+ Rxe8 37. Nf2 Bd2 38. Rh1 Ne3+ 39. Kh2 Rc8 40. Nd3 Rc2 41. Kg1 Bc3 42. Rh2 Rxh2 43. Kxh2 Bg6 44. Be2 Kg8 45. Kg3 Nf5+ 46. Kg4 Nd4 47. Bf1 Bd2 48. Ne5 Bf5+ 49. Kg3 Be6 50. Kf2 Bf4 51. Nd3 Bd6 52. Bg2 Kf7 53. h5 h6 54. gxh6 Kxf6 55. Ke1 Nf5 56. Bh3 Nxh6 57. Bxe6 Kxe6 58. Kd2 Nf5 59. Kc3 Kf6 60. Nc1 Kg5 61. Kd3 Kxh5 62. Na2 Bc5 63. Nc3 Ne7 64. a5 Kg6 65. Na4 Bg1 66. Nb6 axb6 67. a6 bxa6 68. bxa6 Nc8 0-1

[Event "Jerusalem"]
[Site "Jerusalem"]
[Date "2009.12.13"]
[Round "4"]
[White "Piasetski, Leon"]
[Black "Zak, Uri"]
[Result "1/2-1/2"]
[WhiteElo "2288"]
[BlackElo "2243"]
[PlyCount "92"]
[GameId "1166652703305728"]
[EventDate "2009.12.09"]
[EventType "tourn"]
[EventRounds "9"]
[EventCountry "ISR"]
[EventCategory "3"]
[SourceTitle "CBM 134 Extra"]
[Source "ChessBase"]
[SourceDate "2010.03.03"]
[SourceVersion "1"]
[SourceVersionDate "2010.03.03"]
[SourceQuality "1"]

1. Nf3 Nf6 2. c4 g6 3. Nc3 d5 4. cxd5 Nxd5 5. Qa4+ Bd7 6. Qb3 Nb6 7. d4 Bg7 8. Bf4 O-O 9. e3 c6 10. Be2 Be6 11. Qc2 Nd5 12. Bg3 Nb4 13. Qd2 c5 14. a3 N4c6 15. dxc5 Qxd2+ 16. Kxd2 Bb3 17. Bd1 Rd8+ 18. Kc1 Bxd1 19. Rxd1 Rxd1+ 20. Kxd1 Nd7 21. Na4 Rc8 22. Rc1 a5 23. Rc4 Nd8 24. Nd2 Ne6 25. b4 axb4 26. axb4 Ra8 27. b5 Be5 28. c6 bxc6 29. bxc6 Bxg3 30. cxd7 Bc7 31. Nc5 Nd8 32. Nb7 Ra7 33. Rxc7 Rxb7 34. Rxb7 Nxb7 35. Nb3 e6 36. Nc5 Nd8 37. Kc2 Kf8 38. Kc3 Ke7 39. e4 Nc6 40. Kc4 g5 41. Kb5 Ne5 42. Kb6 Nxd7+ 43. Nxd7 Kxd7 44. e5 h5 45. h3 Ke7 46. Kc5 Kd7 1/2-1/2

[Event "Jerusalem"]
[Site "Jerusalem"]
[Date "2009.12.14"]
[Round "5"]
[White "D'Israel, Davy Maurice"]
[Black "Piasetski, Leon"]
[Result "1/2-1/2"]
[WhiteElo "2240"]
[BlackElo "2288"]
[PlyCount "56"]
[GameId "1166652703318016"]
[EventDate "2009.12.09"]
[EventType "tourn"]
[EventRounds "9"]
[EventCountry "ISR"]
[EventCategory "3"]
[SourceTitle "CBM 134 Extra"]
[Source "ChessBase"]
[SourceDate "2010.03.03"]
[SourceVersion "1"]
[SourceVersionDate "2010.03.03"]
[SourceQuality "1"]

1. d4 Nf6 2. c4 d6 3. Nf3 g6 4. Nc3 Bg7 5. e4 O-O 6. h3 e5 7. d5 Na6 8. Bg5 Qe8 9. g4 Kh8 10. Nd2 Ng8 11. Be2 f6 12. Be3 Bh6 13. Nf1 f5 14. g5 f4 15. gxh6 fxe3 16. Nxe3 Qf7 17. f3 Qf4 18. Qd2 Qg3+ 19. Kd1 Bxh3 20. Kc2 Bd7 21. Rag1 Qf4 22. Kb1 Rf7 23. Ncd1 Raf8 24. Nf2 Qf6 25. Rg3 Qe7 26. Ka1 Nf6 27. Nd3 Nh5 28. Rgg1 Nc5 1/2-1/2

[Event "Jerusalem"]
[Site "Jerusalem"]
[Date "2009.12.15"]
[Round "6"]
[White "Baron, Tal"]
[Black "Piasetski, Leon"]
[Result "1/2-1/2"]
[WhiteElo "2410"]
[BlackElo "2288"]
[PlyCount "112"]
[GameId "1166652703334400"]
[EventDate "2009.12.09"]
[EventType "tourn"]
[EventRounds "9"]
[EventCountry "ISR"]
[EventCategory "3"]
[SourceTitle "CBM 134 Extra"]
[Source "ChessBase"]
[SourceDate "2010.03.03"]
[SourceVersion "1"]
[SourceVersionDate "2010.03.03"]
[SourceQuality "1"]

1. e4 Nf6 2. e5 Nd5 3. d4 d6 4. Nf3 dxe5 5. Nxe5 c6 6. Be2 Bf5 7. O-O Nd7 8. Nf3 h6 9. c4 Nb4 10. Nc3 Nc2 11. Rb1 Nb4 12. Ra1 Nc2 13. Rb1 Nb4 14. Be3 Bxb1 15. Qxb1 g5 16. a3 Na6 17. d5 c5 18. b4 Rc8 19. Ne4 Bg7 20. bxc5 Naxc5 21. Nd4 Qb6 22. Qc2 Bxd4 23. Bxd4 Qg6 24. Bxh8 Qxe4 25. Qxe4 Nxe4 26. Bg7 Nb6 27. Bxh6 Nxc4 28. Rc1 b5 29. a4 a6 30. f3 Nf6 31. Bxg5 Nxd5 32. g4 Kd7 33. Kf2 f6 34. Bh4 Nd6 35. Rxc8 Kxc8 36. axb5 axb5 37. Bg3 e5 38. h4 Kd7 39. h5 Ke6 40. Bd1 Kf7 41. Bb3 Nc4 42. Ke2 Kg7 43. Be1 Nf4+ 44. Kd1 f5 45. Bc3 Kf6 46. h6 fxg4 47. Bxc4 bxc4 48. fxg4 Kg5 49. Bxe5 Ng6 50. Bg7 Kxg4 51. Kd2 Kf5 52. Kc3 Ke6 53. h7 Kf7 54. Bd4 Nh8 55. Bxh8 Kg6 56. Kxc4 Kxh7 1/2-1/2

[Event "Jerusalem"]
[Site "Jerusalem"]
[Date "2009.12.16"]
[Round "7"]
[White "Piasetski, Leon"]
[Black "Tejas, Ravichandran"]
[Result "1-0"]
[WhiteElo "2288"]
[BlackElo "2203"]
[PlyCount "43"]
[GameId "1166652703367168"]
[EventDate "2009.12.09"]
[EventType "tourn"]
[EventRounds "9"]
[EventCountry "ISR"]
[EventCategory "3"]
[SourceTitle "CBM 134 Extra"]
[Source "ChessBase"]
[SourceDate "2010.03.03"]
[SourceVersion "1"]
[SourceVersionDate "2010.03.03"]
[SourceQuality "1"]

1. Nf3 Nf6 2. c4 e6 3. Nc3 d5 4. d4 Bb4 5. cxd5 exd5 6. Bg5 Nbd7 7. e3 c5 8. Bd3 Qa5 9. Qc2 c4 10. Bf5 O-O 11. O-O g6 12. Bh3 Re8 13. Nd2 Kg7 14. a3 Bxc3 15. bxc3 Ne4 16. Nxe4 dxe4 17. Bf4 Nb6 18. Bxc8 Raxc8 19. Rfb1 Rc6 20. a4 a6 21. Be5+ Kg8 22. Qxe4 1-0

[Event "Hilversum op-A"]
[Site "Hilversum"]
[Date "2010.06.27"]
[Round "2"]
[White "Spiler, Angelo"]
[Black "Piasetski, Leon"]
[Result "1/2-1/2"]
[WhiteElo "2115"]
[BlackElo "2301"]
[PlyCount "74"]
[GameId "1166653207089152"]
[EventDate "2010.06.26"]
[EventType "swiss"]
[EventRounds "9"]
[EventCountry "NED"]
[SourceTitle "CBM 137 Extra"]
[Source "ChessBase"]
[SourceDate "2010.09.01"]
[SourceVersion "1"]
[SourceVersionDate "2010.09.01"]
[SourceQuality "1"]

1. e4 g6 2. d4 Bg7 3. f4 d6 4. Nf3 c5 5. c3 Nf6 6. Bd3 O-O 7. Be3 b6 8. Nbd2 Bb7 9. h3 cxd4 10. cxd4 d5 11. e5 Ne4 12. O-O f5 13. Ng5 Nxg5 14. fxg5 Na6 15. Qa4 Nc7 16. Rac1 Rf7 17. Rc3 e6 18. g3 Bf8 19. Rfc1 a6 20. Nf3 Nb5 21. R3c2 Na7 22. Ne1 b5 23. Qb3 Qe8 24. Qc3 Nc6 25. Ng2 Nb4 26. Qb3 Nxc2 27. Rxc2 Rc8 28. Nf4 Rfc7 29. Rf2 b4 30. h4 a5 31. h5 Rc1+ 32. Bxc1 Rxc1+ 33. Bf1 Ba6 34. Kg2 a4 35. Qf3 Bxf1+ 36. Rxf1 Rc2+ 37. Rf2 Rc4 1/2-1/2